NFL Team Names - Statistics

General Stats
  • This quiz has been taken 322 times
  • The average score is 28 of 32
Answer Stats
Hint Answer % Correct
Baltimore Ravens
99%
Buffalo Bills
95%
Miami Dolphins
95%
New York Giants
95%
New England Patriots
95%
Dallas Cowboys
93%
New York Jets
93%
Denver Broncos
91%
Kansas City Chiefs
91%
Philadelphia Eagles
91%
Oakland Raiders
91%
Washington Redskins
91%
Tampa Bay Buccaneers
88%
Seattle Seahawks
88%
San Francisco 49ers
87%
Arizona Cardinals
87%
San Diego Chargers
86%
Chicago Bears
85%
Cleveland Browns
85%
Green Bay Packers
85%
Pittsburgh Steelers
85%
Cincinnati Bengals
84%
Detroit Lions
84%
St Louis Rams
83%
Minnesota Vikings
81%
Houston Texans
80%
Indianapolis Colts
79%
Jacksonville Jaguars
77%
Tennessee Titans
77%
Atlanta Falcons
76%
New Orleans Saints
75%
Carolina Panthers
73%
No matching quizzes found
Score Distribution
Percent of People with Each Score
Percentile by Number Answered
Your Score History
You have not taken this quiz